书目信息 |
| 题名: |
常用词语三用词典
|
|
| 作者: | 曹剑尘 , 丁慰堂 编著 | |
| 分册: | ||
| 出版信息: | 北京 少年儿童出版社 1981.10 |
|
| 页数: | 1059页 | |
| 开本: | 15cm | |
| 丛书名: | ||
| 单 册: | ||
| 中图分类: | H164 | |
| 科图分类: | ||
| 主题词: | 汉语--词典 | |
| 电子资源: | ||
| ISBN: | ||
| 000 | 00578nam0 2200205 45 | |
| 001 | 0210241434 | |
| 005 | 20060803154429.64 | |
| 010 | @dCNY1.40 | |
| 091 | @a17024.3 | |
| 100 | @a20021024d1981 km y0chiy0120 ea | |
| 101 | 0 | @achi |
| 200 | 1 | @a常用词语三用词典@AChang Yong Ci Yu San Yong Ci Dian@f曹剑尘,丁慰堂编著@FCao Jian Chen,Ding Wei Tang Bian Zhu |
| 210 | @a北京@c少年儿童出版社@d1981.10 | |
| 215 | @a1059页@d15cm | |
| 606 | 0 | @a汉语@x词典 |
| 690 | @aH164@v3 | |
| 701 | 0 | @a曹剑尘@4编著 |
| 701 | 0 | @a丁慰堂@4编著 |
| 801 | @aCN@bTSTC@c20060803 | |
| 905 | @dH164@e1@b64714@f1 | |
| 常用词语三用词典/曹剑尘,丁慰堂编著.-北京:少年儿童出版社,1981.10 |
| 1059页;15cm |
| ISBN :CNY1.40 |
| ● |
| 相关链接 |
|
|
|
|
正题名:常用词语三用词典
索取号:H164/1
 
预约/预借
| 序号 | 登录号 | 条形码 | 馆藏地/架位号 | 状态 | 备注 |
| 1 | 0064713 | 001613711 | 密集书库/ [索取号:H164/1] | 在馆 | |
| 2 | 0064714 | 001566406 | 密集书库/ [索取号:H164/1] | 在馆 | |
| 3 | 0064715 | 001566380 | 第二样本阅览室/ [索取号:H164/1] | 在馆 | |
| 4 | 0435170 | 204351708 | 密集书库/ [索取号:H164/1] | 在馆 | |
| 5 | 0435171 | 204351717 | 密集书库/ [索取号:H164/1] | 在馆 | |
| 6 | 0435172 | 204351726 | 密集书库/ [索取号:H164/1] | 在馆 | |
| 7 | 0435173 | 204351735 | 密集书库/ [索取号:H164/1] | 在馆 | |
| 8 | 0444498 | 204444985 | 密集书库/ [索取号:H164/1] | 在馆 |